|
|
|
|
| LEADER |
00000cam a2200000 7i4500 |
| 001 |
0000278808 |
| 005 |
20210304155859.0 |
| 020 |
|
|
|a 9789674127879
|
| 090 |
0 |
0 |
|a 005.276
|b INO
|
| 245 |
0 |
0 |
|a Inovasi aplikasi mudah alih bercirikan Islam :
|b menggunakan augmentasi realiti, komputeran awan dan sensor
|c disunting oleh Nazatul Aini Abd Majid
|
| 260 |
|
|
|a Bangi :
|b Penerbit Universiti Kebangsaan Malaysia ,
|c 2019
|
| 300 |
|
|
|a 143p. ;
|c 23cm.
|
| 650 |
|
0 |
|a Application software
|x Development
|
| 650 |
|
0 |
|a Government publications
|z Malaysia
|
| 650 |
|
0 |
|a Mobile apps
|
| 650 |
|
0 |
|a Mobile computing
|
| 700 |
0 |
|
|a Nazatul Aini Abd Majid
|
| 999 |
|
|
|a 00387160
|b BUKU
|c PINJAMAN
|e PERPUSTAKAAN KOMUNITI PETALING JAYA
|